| 000 | 01460nam a2200373 i 4500 | ||
|---|---|---|---|
| 001 | 000047430 | ||
| 003 | DO-SdBNP | ||
| 005 | 20240911150415.0 | ||
| 007 | ta | ||
| 008 | 110225s2017 dr r 000 0 spa d | ||
| 020 | _a9789945590654 | ||
| 040 |
_aDO-SdBNP _bspa _cBNPHU _erda |
||
| 041 | _aspa | ||
| 082 | 4 |
_a340.9097293 _bF363d _222 |
|
| 100 | 1 |
_aFernández Rozas, José Carlos, _eautor _4aut. _971335 |
|
| 245 | 1 | 0 |
_aDerecho internacional privado de la República Dominicana / _cJosé Carlos Fernández Rozas, Sixto A. Sánchez Lorenzo, Nathanael Concepción ; correccion, |
| 250 | _aPrimera edición | ||
| 264 | 4 |
_aSanto Domingo : _bFUNGLODE, _c2017. |
|
| 300 |
_a498 páginas ; _c23 cm. |
||
| 336 |
_atexto _btxt _2rdacontent |
||
| 337 |
_asin mediación _bn _2rdamedia |
||
| 338 |
_avolumen _bnc _2rdacarrier |
||
| 490 | 0 |
_aDerecho de los negocios internacionales ; _v4 |
|
| 500 | _aIncluye datos biográficos de los autores en la solapa de la cubierta. | ||
| 500 | _aLa biblioteca posee la reimpresión de esta edición: noviembre 2017 | ||
| 504 | _aBibliofrafía : p. 479-496 | ||
| 590 | _aInventariado, 2018/YL | ||
| 650 | 0 |
_aConflicto de leyes _zRepública Dominicana _986554 |
|
| 700 | 1 |
_aSánchez Lorenzo, Sixto A. _eautor _4aut. _971356 |
|
| 700 | 1 | 2 |
_aConcepción, Nathanael _eautor _4aut. _971341 |
| 710 | 2 |
_aFundación Global Democracía y Desarrollo _925477 |
|
| 910 | _aValidado. Control de calidad MFF | ||
| 942 |
_2ddc _cLBS1 |
||
| 999 |
_c46918 _d46918 |
||